000 00570nam a2200229Ia 4500
001 1154
003 GE_BSU
008 181216s||||||||xx |||||||||||||| ||und||
020 _a5288028834
040 _cGE_BSU
080 _a800(075.8)
100 _aФилиппов,К.А.
245 _aЛингвистика текста
245 _bКурс лекции
260 _aСПБ
260 _bун-т Санкт-Петербурга
260 _c2003
300 _a336стр.
541 _h8л.
653 _aЛингвистика текста
942 _cBK
999 _c35303
_d35303